| 000 | 00668nam a2200181 i 4500 | ||
|---|---|---|---|
| 001 | 73719 | ||
| 003 | ES-MaACL | ||
| 007 | t| | ||
| 008 | 040910s1967 mx ||||1| spa d | ||
| 100 | 1 |
_aGondin, William R. _958233 |
|
| 245 | 1 | 0 |
_aAlgebra superior y Cálculo / _csimplificados por William R. Gondin ; con prácticas, ejercicios y respuestas por Bernard Sohmer ; [traducción Cuauthémoc Salazar Rangel]. |
| 250 | _a[3ª ed.]. | ||
| 260 |
_aMéxico : _bCompañía General de Ediciones, _c1967. |
||
| 300 |
_a223 p. : _bil. ; _c27 cm. |
||
| 700 | 1 |
_aSohmer, Bernard. _9107026 |
|
| 700 | 1 |
_aSalazar Rangel, Cuauthémoc. _9101828 |
|
| 852 |
_aES-MaACL _jE-9198 _bR.93529 |
||
| 999 |
_c73719 _d73719 |
||